History Quiz

Random History or Year Quiz

Two Famous People and a Year Quiz Stats

 Plays Quiz Updated May 5, 2016

Also try: Year by Year
Challenge
Share
Tweet
Score 0/13 Timer 08:00
0 Plays Today
% Correct
Queen Latifah
83.5%
William Shakespeare
73.4%
Meryl Streep
71%
Morgan Freeman
69.2%
Bono
66.6%
Betty White
63.4%
Charles Darwin
49.4%
Dr. Seuss
48.8%
John Hancock
44.2%
Frank Lloyd Wright
41.4%
Andrew Jackson
41%
JS Bach
35.8%
Pyotr Tchaikovsky
25.1%

You're not logged in!

Compare scores with friends on all Sporcle quizzes.
Join for Free
OR
Log In

You Might Also Like...

Show Comments

Extras

Top Quizzes Today


Score Distribution

Your Account Isn't Verified!

In order to create a playlist on Sporcle, you need to verify the email address you used during registration. Go to your Sporcle Settings to finish the process.

Report this User

Report this user for behavior that violates our Community Guidelines.

Details: